| 000 | 00694cam a22002531 4500 | ||
|---|---|---|---|
| 001 | 34327 | ||
| 003 | BD-RjUL | ||
| 005 | 20211209052136.0 | ||
| 008 | 140515s1960 ilua b 000 0 eng | ||
| 035 | _a(BD-RjUL)34421 | ||
| 035 | _a(OCoLC)225350 | ||
| 040 |
_aDLC _cODaWU _dBD-RjUL _beng |
||
| 041 | _aeng | ||
| 082 | 0 | 0 |
_a301.155 _bSEE 1960 |
| 100 | 1 |
_aSelvin, Hanan Charles. _9104383 |
|
| 245 | 1 | 4 |
_aThe effects of leadership / _cHanan C. Selvin. |
| 260 |
_aGlencoe, Ill. : _bFree Press, _cc1960. |
||
| 300 |
_aix, 270 p. : _bill. ; _c22 cm. |
||
| 504 | _aIncludes bibliography. | ||
| 650 | 0 |
_aLeadership. _9104384 |
|
| 942 |
_2ddc _cBK |
||
| 999 |
_c34327 _d34327 |
||